[Event "DRUGA LIGA SRBIJE-GRUPA VOJVODINA 2016"]
[Site "Kac"]
[Date "2016.11.19"]
[Round "7.1"]
[White "Milanovic, Stanko"]
[Black "Csonka, Balazs"]
[Result "0-1"]
[WhiteElo "2150"]
[BlackElo "2398"]
[PlyCount "186"]
[EventDate "2016.11.15"]

1. e4 c5 2. Nf3 d6 3. c3 Nf6 4. Bd3 g6 5. Bc2 Bg7 6. h3 O-O 7. d4 cxd4 8. cxd4
d5 9. exd5 Nxd5 10. O-O Nc6 11. Bb3 b6 12. Nc3 Nxc3 13. bxc3 Na5 14. Qe2 e6 15.
Bf4 Bb7 16. Rfe1 Rc8 17. Rac1 Bd5 18. Nd2 Qd7 19. Bxd5 exd5 20. Qe7 Qxe7 21.
Rxe7 Bxd4 22. Bh6 Rfd8 23. Rxa7 Bxc3 24. Nf3 d4 25. Ng5 d3 26. Ne4 Bg7 27. Rxc8
Rxc8 28. Bxg7 Kxg7 29. Rd7 Rc1+ 30. Kh2 Rc2 31. a3 Re2 32. Nc3 Rxf2 33. Rxd3
Nc4 34. Nb5 Re2 35. Kg3 Rb2 36. Nd6 b5 37. Nxc4 bxc4 38. Rd4 Rb3+ 39. Kf2 c3
40. a4 Kf6 41. a5 Ra3 42. Rc4 Ke5 43. Ke3 Kd5 44. Rc7 c2+ 45. Kd2 Rxa5 46. Rxc2
Ke6 47. Ke2 Rf5 48. Rc4 Ke7 49. Rc6 Rf6 50. Rc8 h5 51. Ra8 Rf5 52. Ra6 Kf8 53.
Ke3 Rf1 54. Ke2 Rf5 55. Ke3 Kg7 56. g4 Rf1 57. gxh5 gxh5 58. Ke2 Rf5 59. Rb6 f6
60. Rb8 Kh6 61. Rb4 Kg5 62. h4+ Kg6 63. Ke3 Rf1 64. Ra4 Kf5 65. Rb4 Rg1 66.
Rf4+ Kg6 67. Rf2 Rg3+ 68. Kf4 Rg4+ 69. Kf3 Rxh4 70. Rg2+ Kf5 71. Rg8 Rh3+ 72.
Kg2 Rb3 73. Rh8 Kg4 74. Rg8+ Kf4 75. Rh8 Rg3+ 76. Kf2 Rg5 77. Rf8 f5 78. Ra8
Kg4 79. Ra1 h4 80. Kg2 f4 81. Ra3 Re5 82. Ra8 Re2+ 83. Kf1 Rb2 84. Kg1 Rb1+ 85.
Kg2 Rb2+ 86. Kg1 h3 87. Rg8+ Kf3 88. Rf8 Rg2+ 89. Kh1 Rg7 90. Kh2 Re7 91. Ra8
Kf2 92. Kxh3 f3 93. Kg4 Kg2 0-1

[Event "DRUGA LIGA SRBIJE-GRUPA VOJVODINA 2016"]
[Site "Kac"]
[Date "2016.11.19"]
[Round "7.1"]
[White "Mik, Aurel"]
[Black "Simonyi, Zoltan"]
[Result "1-0"]
[WhiteElo "2059"]
[BlackElo "2202"]
[PlyCount "111"]
[EventDate "2016.11.15"]

1. e4 Nf6 2. Nc3 d5 3. exd5 Nxd5 4. Nxd5 Qxd5 5. Nf3 Nc6 6. Be2 e5 7. d3 Be7 8.
O-O O-O 9. Nd2 Nd4 10. c3 Nxe2+ 11. Qxe2 Bd7 12. d4 Bc6 13. f3 Bd6 14. dxe5
Bxe5 15. Re1 Rfe8 16. Qf2 f5 17. Nf1 Rad8 18. Bg5 Rd6 19. Be3 Rg6 20. Nd2 a5
21. a3 Qd6 22. Nf1 Ba4 23. Bd4 Rge6 24. Bxe5 Rxe5 25. Re3 Rxe3 26. Nxe3 f4 27.
Nf1 Qd3 28. Re1 Rd8 29. Qe2 Qxe2 30. Rxe2 Rd1 31. Kf2 Rb1 32. b4 Bb5 33. Nd2
Rc1 34. Re5 c6 35. c4 Bxc4 36. Nxc4 Rxc4 37. Rxa5 Rc2+ 38. Kf1 h6 39. Ra7 b5
40. Ra5 Kf7 41. a4 bxa4 42. Rxa4 Ke6 43. Ra6 Kd5 44. Ra7 g5 45. Rb7 Rb2 46. Rb6
Kd6 47. Rb7 Ke5 48. Rb6 Kd5 49. Rb7 Kd4 50. Re7 Rc2 51. b5 c5 52. b6 Rb2 53. b7
c4 54. Ke1 Kd3 55. Rd7+ Kc2 56. Rd2+ 1-0

[Event "DRUGA LIGA SRBIJE-GRUPA VOJVODINA 2016"]
[Site "Kac"]
[Date "2016.11.19"]
[Round "7.1"]
[White "Kecskemeti, Arpad"]
[Black "Rajin, Milan"]
[Result "1-0"]
[WhiteElo "2216"]
[BlackElo "1995"]
[PlyCount "49"]
[EventDate "2016.11.15"]

1. e4 e6 2. d4 d6 3. f4 g6 4. Nf3 Bg7 5. Bd3 Ne7 6. Be3 b6 7. Nc3 Bb7 8. Qd2
Ba6 9. O-O-O Bxd3 10. Qxd3 Nbc6 11. d5 exd5 12. exd5 Na5 13. Bd4 O-O 14. Bxg7
Kxg7 15. Qd4+ Kg8 16. Ne4 Nf5 17. Qc3 Ng7 18. Nf6+ Kh8 19. h4 Nf5 20. h5 Kg7
21. Nxh7+ Kxh7 22. hxg6+ Kxg6 23. g4 Rh8 24. gxf5+ Kxf5 25. Nd4+ 1-0

[Event "DRUGA LIGA SRBIJE-GRUPA VOJVODINA 2016"]
[Site "Kac"]
[Date "2016.11.19"]
[Round "7.2"]
[White "Drazic, Sinisa"]
[Black "Somborski, Nebojsa"]
[Result "1/2-1/2"]
[WhiteElo "2415"]
[BlackElo "2327"]
[PlyCount "37"]
[EventDate "2016.11.15"]

1. d4 d5 2. Bg5 h6 3. Bh4 c6 4. e3 Qb6 5. b3 e5 6. Nf3 e4 7. Nfd2 Be7 8. Bg3
Nf6 9. c4 O-O 10. Be2 Qd8 11. Nc3 Be6 12. O-O Bd6 13. Bxd6 Qxd6 14. c5 Qe7 15.
b4 Nbd7 16. b5 Nh7 17. bxc6 bxc6 18. Rb1 Ndf6 19. Rb3 1/2-1/2

[Event "DRUGA LIGA SRBIJE-GRUPA VOJVODINA 2016"]
[Site "Kac"]
[Date "2016.11.19"]
[Round "7.2"]
[White "Strbac, Mladen"]
[Black "Stojanovic, Mihajlo"]
[Result "0-1"]
[WhiteElo "2318"]
[BlackElo "2503"]
[PlyCount "62"]
[EventDate "2016.11.15"]

1. e4 e6 2. d4 d5 3. e5 c5 4. c3 Qb6 5. Nf3 Nc6 6. Bd3 cxd4 7. cxd4 Bd7 8. O-O
Nxd4 9. Nxd4 Qxd4 10. Nc3 a6 11. Qe2 Rc8 12. Kh1 Qh4 13. f4 Nh6 14. Bd2 Bc5 15.
h3 Nf5 16. Be1 Qd8 17. Bf2 d4 18. Ne4 Be7 19. g4 Bc6 20. Kh2 Ne3 21. Bxe3 dxe3
22. Qxe3 Qa5 23. a3 Rd8 24. Rad1 O-O 25. g5 Kh8 26. h4 Qa4 27. Nf2 Bd5 28. Qc1
Bf3 29. Bc2 Qc4 30. Rd3 Be2 31. Rc3 Qd4 0-1

[Event "DRUGA LIGA SRBIJE-GRUPA VOJVODINA 2016"]
[Site "Kac"]
[Date "2016.11.19"]
[Round "7.2"]
[White "Rogac, Srdjan"]
[Black "Todorovic, Nenad I"]
[Result "1/2-1/2"]
[WhiteElo "2387"]
[BlackElo "2249"]
[PlyCount "70"]
[EventDate "2016.11.15"]

1. Nf3 c5 2. c4 Nc6 3. g3 g6 4. Bg2 Bg7 5. O-O e5 6. Nc3 Nge7 7. a3 a5 8. d3 d6
9. Ne1 Be6 10. Nd5 O-O 11. Nc2 Rb8 12. a4 Nb4 13. e4 Nexd5 14. cxd5 Nxc2 15.
Qxc2 Bd7 16. f4 exf4 17. gxf4 b5 18. axb5 Rxb5 19. Kh1 Qb6 20. Ra2 Rb8 21. f5
Bxb2 22. fxg6 hxg6 23. Rxb2 Rxb2 24. Qc3 Re2 25. Qf6 Be8 26. Bf3 Rc2 27. Bh6
Qb2 28. Qxd6 Kh7 29. Be3 a4 30. Bd1 Rg2 31. Bf3 Rc2 32. Bd1 Rg2 33. Bf3 Rc2 34.
Bd1 Rg2 35. Bf3 Rc2 1/2-1/2

[Event "DRUGA LIGA SRBIJE-GRUPA VOJVODINA 2016"]
[Site "Kac"]
[Date "2016.11.19"]
[Round "7.2"]
[White "Perisic, Radivoj"]
[Black "Radlovacki, Jovan"]
[Result "0-1"]
[WhiteElo "2276"]
[BlackElo "2328"]
[PlyCount "82"]
[EventDate "2016.11.15"]

1. e4 c6 2. d4 d5 3. exd5 cxd5 4. c4 Nf6 5. Nc3 Nc6 6. Bg5 Be6 7. Nf3 Ne4 8.
Be2 Nxc3 9. bxc3 dxc4 10. Rb1 Na5 11. O-O f6 12. Bf4 Bd5 13. Nd2 Kf7 14. Re1 g6
15. Bf3 e6 16. Rb5 a6 17. Rb2 Ba3 18. Rc2 Qd7 19. Ne4 Rhe8 20. Bh6 Nc6 21. h4
Ne7 22. g4 Ng8 23. Qd2 Qd8 24. Bf4 Be7 25. Qe3 Qd7 26. Rce2 Kg7 27. Kg2 Rad8
28. g5 e5 29. dxe5 fxg5 30. hxg5 Qf5 31. Kg3 Be6 32. Rh1 Rd3 33. Rh4 Rxe3 34.
fxe3 h5 35. Nf6 Nxf6 36. gxf6+ Bxf6 37. exf6+ Qxf6 38. Rhh2 g5 39. Bc7 Bg4 40.
Bxg4 hxg4 41. Rhf2 Qe7 0-1

[Event "DRUGA LIGA SRBIJE-GRUPA VOJVODINA 2016"]
[Site "Kac"]
[Date "2016.11.19"]
[Round "7.2"]
[White "Klasan, Vladimir"]
[Black "Vulin, Milorad"]
[Result "1-0"]
[WhiteElo "2387"]
[BlackElo "2044"]
[PlyCount "49"]
[EventDate "2016.11.15"]

1. e4 c5 2. Nf3 g6 3. d4 cxd4 4. Nxd4 Bg7 5. Nc3 Nc6 6. Nde2 Nf6 7. g3 O-O 8.
Bg2 d5 9. O-O Bd7 10. h3 Rc8 11. Be3 b6 12. Nxd5 Nxd5 13. exd5 Ne5 14. b3 Bb5
15. c4 Ba6 16. Nd4 Bb7 17. Qd2 Nd7 18. Rfe1 Ba8 19. Bh6 Nc5 20. h4 a5 21. Bh3
Nd7 22. Bxg7 Kxg7 23. Qe3 Re8 24. Qc3 Kg8 25. Ne6 1-0

[Event "DRUGA LIGA SRBIJE-GRUPA VOJVODINA 2016"]
[Site "Kac"]
[Date "2016.11.19"]
[Round "7.2"]
[White "Brajic, Djordje"]
[Black "Marinovic, Bozidar"]
[Result "0-1"]
[WhiteElo "2243"]
[BlackElo "2375"]
[PlyCount "70"]
[EventDate "2016.11.15"]

1. e4 d6 2. Nc3 c5 3. g3 Nc6 4. Bg2 g6 5. Nf3 Bg7 6. d3 e5 7. O-O Nge7 8. Nh4
O-O 9. Ne2 d5 10. Bg5 Be6 11. Nc3 f6 12. Bd2 Rc8 13. f4 exf4 14. gxf4 dxe4 15.
Qe1 f5 16. dxe4 Bc4 17. Rf2 fxe4 18. Qxe4 Nd4 19. Re1 Rc7 20. Bf1 Bxf1 21. Kxf1
b6 22. Ng2 Nef5 23. Nd5 Rd7 24. c4 Kh8 25. b4 Nd6 26. Qd3 Nxc4 27. Qxc4 Rxd5
28. Ne3 Rh5 29. bxc5 bxc5 30. a4 Qh4 31. Nc2 Qh3+ 32. Rg2 Nxc2 33. Qxc2 Bd4 34.
Qe4 Rhf5 35. Re3 Rxf4+ 0-1

[Event "DRUGA LIGA SRBIJE-GRUPA VOJVODINA 2016"]
[Site "Kac"]
[Date "2016.11.19"]
[Round "7.3"]
[White "Pezelj, Novak"]
[Black "Czebe, Attila"]
[Result "1/2-1/2"]
[WhiteElo "2447"]
[BlackElo "2482"]
[PlyCount "20"]
[EventDate "2016.11.15"]

1. d4 Nf6 2. c4 g6 3. Nc3 Bg7 4. e4 O-O 5. Nf3 d6 6. Be2 Nbd7 7. O-O e5 8. Be3
Re8 9. d5 a5 10. a3 Nc5 1/2-1/2

[Event "DRUGA LIGA SRBIJE-GRUPA VOJVODINA 2016"]
[Site "Kac"]
[Date "2016.11.19"]
[Round "7.3"]
[White "Bulajic, Ratko"]
[Black "Varga, Zoltan"]
[Result "1/2-1/2"]
[WhiteElo "2331"]
[BlackElo "2418"]
[PlyCount "64"]
[EventDate "2016.11.15"]

1. d4 d5 2. c4 dxc4 3. Nf3 c6 4. e4 Nf6 5. Nc3 b5 6. Qc2 e6 7. a4 Bb4 8. Bd2
Bb7 9. e5 Nd5 10. axb5 Bxc3 11. bxc3 cxb5 12. Ng5 h6 13. Ne4 O-O 14. Be2 Nd7
15. O-O a6 16. f4 Ne7 17. Nd6 Bd5 18. f5 exf5 19. Nxf5 f6 20. Ne3 fxe5 21. Nxd5
Nxd5 22. Bf3 Rxf3 23. Rxf3 exd4 24. Qe4 N7f6 25. Qxd4 Qb6 26. Qxb6 Nxb6 27. Be3
Nbd5 28. Bd4 Ne4 29. Re1 Ndf6 30. Rf4 a5 31. Rfxe4 Nxe4 32. Rxe4 b4 1/2-1/2

[Event "DRUGA LIGA SRBIJE-GRUPA VOJVODINA 2016"]
[Site "Kac"]
[Date "2016.11.19"]
[Round "7.3"]
[White "Farkas, Tibor"]
[Black "Tancik, Kristijan"]
[Result "1/2-1/2"]
[WhiteElo "2272"]
[BlackElo "2289"]
[PlyCount "47"]
[EventDate "2016.11.15"]

1. e4 e5 2. Nf3 Nf6 3. Nxe5 d6 4. Nf3 Nxe4 5. Nc3 Nxc3 6. dxc3 Be7 7. Be3 Nc6
8. Be2 Bg4 9. h3 Bh5 10. Nd4 Bxe2 11. Qxe2 Nxd4 12. Bxd4 O-O 13. O-O Re8 14.
Rfe1 Qd7 15. Qd3 Bf8 16. c4 b6 17. b3 Rxe1+ 18. Rxe1 Re8 19. Rxe8 Qxe8 20. Bc3
c6 21. a4 Qe6 22. Kf1 h6 23. a5 bxa5 24. Bxa5 1/2-1/2

[Event "DRUGA LIGA SRBIJE-GRUPA VOJVODINA 2016"]
[Site "Kac"]
[Date "2016.11.19"]
[Round "7.3"]
[White "Tokovic, Svetozar"]
[Black "Jesenski, Tibor"]
[Result "1/2-1/2"]
[WhiteElo "2258"]
[BlackElo "2345"]
[PlyCount "26"]
[EventDate "2016.11.15"]

1. e4 e5 2. Nf3 Nc6 3. Bb5 a6 4. Ba4 Nf6 5. O-O Be7 6. Re1 b5 7. Bb3 d6 8. c3
O-O 9. h3 Na5 10. Bc2 c5 11. d4 Qc7 12. Nbd2 Re8 13. Nf1 Bd7 1/2-1/2

[Event "DRUGA LIGA SRBIJE-GRUPA VOJVODINA 2016"]
[Site "Kac"]
[Date "2016.11.19"]
[Round "7.3"]
[White "Kumic, Filip"]
[Black "Roganovic, Nebojsa"]
[Result "1/2-1/2"]
[WhiteElo "2313"]
[BlackElo "2180"]
[PlyCount "94"]
[EventDate "2016.11.15"]

1. Nf3 d5 2. d4 Nf6 3. c4 e6 4. g3 Nbd7 5. Bg2 c6 6. Qc2 Ne4 7. O-O Bd6 8. Nc3
Nxc3 9. Qxc3 O-O 10. e4 dxc4 11. Qxc4 e5 12. Rd1 Qc7 13. Be3 exd4 14. Bxd4 Ne5
15. Nxe5 Bxe5 16. f4 Bxd4+ 17. Rxd4 Be6 18. Qc5 b6 19. Qd6 Rac8 20. f5 c5 21.
Rc1 Qxd6 22. Rxd6 Bxa2 23. Ra1 Bc4 24. Rxa7 Rcd8 25. e5 Rxd6 26. exd6 Rd8 27.
Rb7 b5 28. b3 Bxb3 29. Rxb5 c4 30. Bd5 Kf8 31. Rb6 Bc2 32. Rb7 Rxd6 33. Rxf7+
Ke8 34. Bxc4 Bd3 35. Rxg7 Bxf5 36. Be2 Kf8 37. Rg5 Bg6 38. Re5 Kg7 39. Kf2 Rd2
40. Ke3 Rb2 41. h4 Rb3+ 42. Kf2 Rb2 43. Kf3 Rb3+ 44. Kg2 Kf6 45. Re6+ Kxe6 46.
Bc4+ Kf6 47. Bxb3 h6 1/2-1/2

[Event "DRUGA LIGA SRBIJE-GRUPA VOJVODINA 2016"]
[Site "Kac"]
[Date "2016.11.19"]
[Round "7.3"]
[White "Ivanovic, Miroslav"]
[Black "Vidic, Stevan"]
[Result "1-0"]
[WhiteElo "2067"]
[BlackElo "2268"]
[PlyCount "88"]
[EventDate "2016.11.15"]

1. Nf3 Nf6 2. g3 b6 3. Bg2 Bb7 4. O-O e6 5. d3 d5 6. c4 Be7 7. b3 O-O 8. Bb2 c5
9. e3 Nc6 10. Nc3 Qd7 11. cxd5 Nxd5 12. Nxd5 exd5 13. d4 Bf6 14. Qd2 Ba6 15.
Rfd1 c4 16. Ne5 Bxe5 17. dxe5 Ne7 18. Qd4 Qe6 19. Rac1 h6 20. Ba3 Rfd8 21. Bd6
Rac8 22. h3 Rd7 23. g4 Bb7 24. bxc4 dxc4 25. Bxb7 Rxb7 26. f4 c3 27. Rxc3 Rxc3
28. Qxc3 g6 29. Bxe7 Rxe7 30. Rd6 Qxa2 31. Rd8+ Kg7 32. e6+ f6 33. g5 hxg5 34.
fxg5 Qb1+ 35. Kh2 Qf1 36. gxf6+ Kh7 37. Rh8+ Kxh8 38. fxe7+ Kh7 39. Kg3 Qg1+
40. Kf4 Qf2+ 41. Ke5 Qg3+ 42. Kd5 Qg5+ 43. Kd6 Qb5 44. Qc6 Qd3+ 1-0

[Event "DRUGA LIGA SRBIJE-GRUPA VOJVODINA 2016"]
[Site "Kac"]
[Date "2016.11.19"]
[Round "7.4"]
[White "Cabarkapa, Novak"]
[Black "Sekulic, Dusan"]
[Result "1-0"]
[WhiteElo "2413"]
[BlackElo "2218"]
[PlyCount "79"]
[EventDate "2016.11.15"]

1. b3 d5 2. Bb2 c5 3. e3 Nc6 4. f4 Nf6 5. Nf3 Bg4 6. h3 Bxf3 7. Qxf3 e6 8. Bb5
Rc8 9. O-O a6 10. Bxc6+ Rxc6 11. d3 Be7 12. Nd2 O-O 13. Qe2 Ne8 14. Nf3 f6 15.
c4 Nc7 16. e4 Re8 17. Rae1 Bf8 18. Qf2 b5 19. Qc2 Qd7 20. g4 bxc4 21. bxc4 d4
22. Bc1 Rb6 23. Re2 Reb8 24. g5 Be7 25. Rg2 Ne8 26. gxf6 Bxf6 27. Ne5 Qb7 28.
Ng4 Kh8 29. e5 Be7 30. f5 exf5 31. Rxf5 Nc7 32. h4 Rb1 33. Kh2 Qc8 34. Rf3 Bxh4
35. Rh3 Be7 36. Nf6 gxf6 37. Qe2 Qf5 38. Rh5 Qxh5+ 39. Qxh5 Rg8 40. Qf7 1-0

[Event "DRUGA LIGA SRBIJE-GRUPA VOJVODINA 2016"]
[Site "Kac"]
[Date "2016.11.19"]
[Round "7.4"]
[White "Mastrapovic, Vladimir"]
[Black "Desnica, Vladan"]
[Result "0-1"]
[WhiteElo "2289"]
[BlackElo "2224"]
[PlyCount "92"]
[EventDate "2016.11.15"]

1. e4 e5 2. Nf3 Nc6 3. Bb5 Nf6 4. d3 Bc5 5. Bxc6 dxc6 6. Qe2 Nd7 7. Be3 Bd6 8.
d4 O-O 9. Nbd2 Re8 10. O-O-O Qe7 11. g4 a5 12. Rhg1 a4 13. dxe5 Nxe5 14. Nd4 a3
15. b3 Ng6 16. f3 Nf4 17. Qf1 b5 18. Nxc6 Qd7 19. Nd4 Be5 20. Ne2 Nd3+ 21. Kb1
Nb4 22. Nc1 Qc6 23. c4 Be6 24. Nd3 Nxd3 25. Qxd3 Red8 26. Qc2 bxc4 27. f4 Bf6
28. g5 Be7 29. f5 Bc8 30. Qxc4 Bb7 31. Rc1 Qxc4 32. Rxc4 Bd6 33. h4 Re8 34. Kc2
Rad8 35. Rg4 Ba6 36. Ra4 Bb5 37. Ra5 Be2 38. Rg2 Bb4 39. Ra4 Bd3+ 40. Kc1 c5
41. Rg4 Bb5 42. Ra7 Rd3 43. Bf4 Red8 44. Rg2 Rc3+ 45. Kd1 Rf3 46. Bc7 Rf1+ 0-1

[Event "DRUGA LIGA SRBIJE-GRUPA VOJVODINA 2016"]
[Site "Kac"]
[Date "2016.11.19"]
[Round "7.4"]
[White "Zegarac, Vuk"]
[Black "Remecki, Sinisa"]
[Result "0-1"]
[WhiteElo "2233"]
[BlackElo "2188"]
[PlyCount "62"]
[EventDate "2016.11.15"]

1. d4 Nf6 2. Nc3 d5 3. Bf4 Bf5 4. f3 e6 5. g4 Bg6 6. h4 h5 7. g5 Nfd7 8. e3 Bb4
9. Qd2 O-O 10. Bd3 c5 11. Bxg6 fxg6 12. Nge2 Nc6 13. O-O cxd4 14. exd4 Qb6 15.
Be3 Rac8 16. a3 Bd6 17. b4 Ne7 18. Na4 Qc6 19. Nc5 Bxc5 20. dxc5 e5 21. f4 Qe6
22. Rf3 d4 23. Bf2 e4 24. Nxd4 Qg4+ 25. Rg3 Qxf4 26. Qe2 Ne5 27. Rf1 Nf5 28.
Nxf5 Rxf5 29. Qe3 Nf3+ 30. Rxf3 Qxf3 31. Qxf3 Rxf3 0-1

[Event "DRUGA LIGA SRBIJE-GRUPA VOJVODINA 2016"]
[Site "Kac"]
[Date "2016.11.19"]
[Round "7.4"]
[White "Ilincic, Aleksa"]
[Black "Vujasinovic, Mihajlo"]
[Result "1-0"]
[WhiteElo "2161"]
[BlackElo "2133"]
[PlyCount "80"]
[EventDate "2016.11.15"]

1. e4 c5 2. Nf3 d6 3. d4 Nf6 4. Nc3 cxd4 5. Nxd4 a6 6. Bc4 e6 7. Bb3 Be7 8. O-O
O-O 9. Kh1 Nc6 10. f4 Na5 11. f5 Nxb3 12. axb3 Bd7 13. Bg5 Rc8 14. Nde2 Ng4 15.
Bf4 e5 16. Bd2 Nf6 17. Bg5 Bc6 18. Bxf6 Bxf6 19. Rc1 Bg5 20. Ra1 Qe7 21. Rf3
Rfd8 22. Rd3 Qc7 23. Ng3 Qe7 24. Nd5 Bxd5 25. Rxd5 Rc6 26. Ne2 Be3 27. Rd3 Ba7
28. Nc3 f6 29. Nd5 Qf8 30. Rh3 Qf7 31. c3 Rc5 32. Qd3 Re8 33. Rd1 Bb6 34. b4
Rc6 35. Qg3 Rc4 36. Qh4 h6 37. Rg3 Kh7 38. Rg6 Qf8 39. Rd3 Rd8 40. Rdg3 Rd7 1-0

[Event "DRUGA LIGA SRBIJE-GRUPA VOJVODINA 2016"]
[Site "Kac"]
[Date "2016.11.19"]
[Round "7.4"]
[White "Moldovanovic, Dragan"]
[Black "Torbica, Milos"]
[Result "1/2-1/2"]
[WhiteElo "2005"]
[BlackElo "2237"]
[PlyCount "83"]
[EventDate "2016.11.15"]

1. d4 d5 2. Nf3 Nf6 3. c4 c6 4. Nc3 a6 5. e3 e6 6. Be2 Nbd7 7. O-O b5 8. b3 Be7
9. Qc2 Bb7 10. Bb2 O-O 11. Rad1 Rc8 12. e4 b4 13. e5 bxc3 14. exf6 Bxf6 15.
Bxc3 Qb6 16. c5 Qc7 17. Bd3 g6 18. Rfe1 Rfe8 19. Qb2 a5 20. a3 Ra8 21. Re3 Ba6
22. Bxa6 Rxa6 23. Qe2 Raa8 24. h4 Rab8 25. Rb1 Rb5 26. b4 axb4 27. axb4 Ra8 28.
g3 Nb8 29. h5 Kg7 30. Kg2 Nd7 31. Rh1 Rbb8 32. Bd2 Qb7 33. hxg6 hxg6 34. Rxe6
fxe6 35. Qxe6 Rh8 36. Ng5 Bxg5 37. Rxh8 Rxh8 38. Bxg5 Rf8 39. b5 Nb8 40. Be7
cxb5 41. Qe5+ Kg8 42. Qe6+ 1/2-1/2

[Event "DRUGA LIGA SRBIJE-GRUPA VOJVODINA 2016"]
[Site "Kac"]
[Date "2016.11.19"]
[Round "7.5"]
[White "Babic, Djordje"]
[Black "Indjic, Dusan"]
[Result "0-1"]
[WhiteElo "2038"]
[BlackElo "2283"]
[PlyCount "58"]
[EventDate "2016.11.15"]

1. e4 c5 2. Nf3 Nc6 3. d4 cxd4 4. Nxd4 Nf6 5. Nc3 d6 6. h3 e5 7. Nf3 h6 8. Bc4
a6 9. a4 Be7 10. Be3 O-O 11. Qd2 Kh7 12. O-O Be6 13. Bd3 Nb4 14. Nh2 Nxd3 15.
cxd3 d5 16. exd5 Nxd5 17. Nxd5 Qxd5 18. f4 exf4 19. Bxf4 Bg5 20. Rf3 Rfd8 21.
Bxg5 Qxg5 22. Re3 Rdc8 23. Nf3 Qf4 24. Qe2 Rc2 25. Qe1 Rxb2 26. Re4 Qf6 27. Qe3
Rxg2+ 28. Kxg2 Qxa1 29. Rxe6 fxe6 0-1

[Event "DRUGA LIGA SRBIJE-GRUPA VOJVODINA 2016"]
[Site "Kac"]
[Date "2016.11.19"]
[Round "7.5"]
[White "Vujadinovic, Goran"]
[Black "Milankov, Vladimir"]
[Result "1-0"]
[WhiteElo "2338"]
[BlackElo "1963"]
[PlyCount "59"]
[EventDate "2016.11.15"]

1. f4 d5 2. Nf3 e6 3. g3 Nf6 4. Bg2 Be7 5. O-O O-O 6. d3 c5 7. c3 Nc6 8. Qe1
Qc7 9. e4 Re8 10. e5 Nd7 11. Na3 a6 12. Nc2 b6 13. Be3 Bb7 14. Rc1 a5 15. Rf2
Ba6 16. Bf1 Rac8 17. d4 Bxf1 18. Qxf1 c4 19. Qh3 Nf8 20. g4 f6 21. Rcf1 Nd8 22.
Bd2 Qd7 23. exf6 Bxf6 24. g5 Be7 25. Ne5 Qc7 26. f5 exf5 27. Qxf5 Bd6 28. Ng4
Qd7 29. Qxd5+ Kh8 30. Rxf8+ 1-0

[Event "DRUGA LIGA SRBIJE-GRUPA VOJVODINA 2016"]
[Site "Kac"]
[Date "2016.11.19"]
[Round "7.5"]
[White "Vujovic, Milorad M"]
[Black "Stanojevic, Branko"]
[Result "1/2-1/2"]
[WhiteElo "2069"]
[BlackElo "2221"]
[PlyCount "66"]
[EventDate "2016.11.15"]

1. e4 e6 2. d4 d5 3. Nd2 c5 4. exd5 Qxd5 5. dxc5 Bxc5 6. Ngf3 Nf6 7. Bc4 Qc6 8.
O-O a6 9. Bd3 b5 10. Qe2 Bb7 11. Re1 Nbd7 12. Ne4 Rc8 13. Bf4 Be7 14. c3 O-O
15. h3 Rfd8 16. Rad1 Nxe4 17. Bxe4 Qxe4 18. Qxe4 Bxe4 19. Rxe4 Nc5 20. Red4 Na4
21. Rxd8+ Rxd8 22. Rxd8+ Bxd8 23. Bc1 f6 24. Ne1 Bb6 25. Kf1 e5 26. f3 Kf7 27.
Ke2 Ke6 28. Nd3 f5 29. Bd2 e4 30. fxe4 fxe4 31. Nf4+ Ke5 32. b3 Nc5 33. g3 g5
1/2-1/2

[Event "DRUGA LIGA SRBIJE-GRUPA VOJVODINA 2016"]
[Site "Kac"]
[Date "2016.11.19"]
[Round "7.5"]
[White "Mijatovic, Dejan"]
[Black "Vincilov, Dusan"]
[Result "1/2-1/2"]
[WhiteElo "2248"]
[BlackElo "2277"]
[PlyCount "158"]
[EventDate "2016.11.15"]

1. d4 Nf6 2. Nf3 g6 3. g3 Bg7 4. Bg2 d6 5. O-O O-O 6. b3 c6 7. Bb2 Qc7 8. Nbd2
Nbd7 9. e4 e5 10. Re1 Re8 11. h3 a6 12. c4 h6 13. Qc2 c5 14. dxe5 dxe5 15. Nf1
b5 16. Ne3 Bb7 17. Nd5 Nxd5 18. cxd5 Rac8 19. Rac1 a5 20. Bf1 Qb6 21. a4 Ba6
22. axb5 Bxb5 23. Nd2 Bxf1 24. Rxf1 Rb8 25. Bc3 Ra8 26. Nc4 Qb8 27. Ra1 Ra6 28.
Rxa5 Rxa5 29. Bxa5 Rc8 30. g4 Qb5 31. Ra1 Qa6 32. Bc3 Qb7 33. Na5 Qc7 34. Nc6
Qd6 35. b4 Qf6 36. bxc5 Qf3 37. Bb4 Qxh3 38. Qe2 Bf6 39. Ra3 Qh4 40. Ra7 Nb8
41. Na5 Kg7 42. c6 h5 43. g5 Bxg5 44. Qf3 Bf4 45. Nc4 Re8 46. Ne3 Qg5+ 47. Ng2
h4 48. Qh3 Rh8 49. Be7 Qh5 50. f3 Bg3 51. Qg4 Qxg4 52. fxg4 h3 53. Ne3 Bf2+ 54.
Kf1 Bxe3 55. Ra8 Nxc6 56. Rxh8 Nxe7 57. Rd8 Bg5 58. Ra8 f5 59. gxf5 gxf5 60.
Ra7 Kg6 61. Ra6+ Kf7 62. d6 Ng8 63. Ra7+ Ke6 64. Rg7 Kxd6 65. Rxg8 Bf4 66. exf5
Ke7 67. Rg6 h2 68. Kg2 Kf7 69. Re6 Kg7 70. Ra6 Kf7 71. Re6 Kf8 72. Ra6 Kf7 73.
Rc6 Kf8 74. Re6 Kf7 75. Kh1 Kg7 76. Kg2 Kf7 77. Rxe5 Bxe5 78. f6 Kxf6 79. Kh1
Kg6 1/2-1/2

[Event "DRUGA LIGA SRBIJE-GRUPA VOJVODINA 2016"]
[Site "Kac"]
[Date "2016.11.19"]
[Round "7.5"]
[White "Tomic, Zivan"]
[Black "Kovacevic, Djordje"]
[Result "0-1"]
[WhiteElo "2058"]
[BlackElo "2105"]
[PlyCount "46"]
[EventDate "2016.11.15"]

1. d4 Nf6 2. c4 e6 3. Nc3 d5 4. e3 a6 5. a3 dxc4 6. Bxc4 b5 7. Be2 c5 8. dxc5
Qxd1+ 9. Bxd1 Bxc5 10. b4 Bd6 11. Nf3 Bb7 12. Bb2 Nbd7 13. O-O Nb6 14. Be2 Rc8
15. Rfd1 Ke7 16. Nd4 Rhd8 17. f4 Nc4 18. Bxc4 Rxc4 19. h3 Bxf4 20. exf4 Rcxd4
21. g3 Rd2 22. Rxd2 Rxd2 23. Nd1 Nh5 0-1

[Event "DRUGA LIGA SRBIJE-GRUPA VOJVODINA 2016"]
[Site "Kac"]
[Date "2016.11.19"]
[Round "7.5"]
[White "Skoko, Milan"]
[Black "Ilicin, Mladen"]
[Result "1/2-1/2"]
[WhiteElo "2128"]
[BlackElo "2051"]
[PlyCount "55"]
[EventDate "2016.11.15"]

1. e4 Nf6 2. e5 Nd5 3. d4 d6 4. Nf3 Bg4 5. Be2 e6 6. O-O Be7 7. c4 Nb6 8. h3
Bh5 9. exd6 cxd6 10. Nc3 O-O 11. b3 N8d7 12. Ba3 Nf6 13. Nh2 Bg6 14. Bd3 a6 15.
Bxg6 hxg6 16. Nf3 Rc8 17. Qd2 Nbd7 18. Rfe1 Qa5 19. Nd5 Qd8 20. Nxe7+ Qxe7 21.
d5 e5 22. Nxe5 Nxe5 23. f4 Nf3+ 24. gxf3 Qd7 25. Kh2 b5 26. Rac1 bxc4 27. bxc4
Rb8 28. Bb2 {...58} 1/2-1/2

[Event "DRUGA LIGA SRBIJE-GRUPA VOJVODINA 2016"]
[Site "Kac"]
[Date "2016.11.19"]
[Round "7.6"]
[White "Petrusic, Velimir"]
[Black "Mikheev, Stanislav"]
[Result "0-1"]
[WhiteElo "2176"]
[BlackElo "2281"]
[PlyCount "60"]
[EventDate "2016.11.15"]

1. d4 Nf6 2. Nf3 d5 3. Bf4 Bf5 4. c4 dxc4 5. Qa4+ c6 6. Qxc4 e6 7. Nc3 Nbd7 8.
e3 Qb6 9. Bd3 Qxb2 10. Rb1 Bxd3 11. Qxd3 Qa3 12. O-O Nb6 13. e4 Be7 14. Rb3 Qa5
15. Ne5 Rd8 16. Nc4 Qa6 17. Rxb6 axb6 18. Bc7 Rc8 19. Bxb6 O-O 20. Rb1 Nd7 21.
e5 Nxb6 22. Rxb6 Qa7 23. a4 Rfd8 24. a5 Bc5 25. Nd6 Rxd6 26. exd6 Bxb6 27. h4
Bxd4 28. Ne4 h6 29. Qg3 Rd8 30. h5 Qxa5 0-1

[Event "DRUGA LIGA SRBIJE-GRUPA VOJVODINA 2016"]
[Site "Kac"]
[Date "2016.11.19"]
[Round "7.6"]
[White "Veljkovic, Vojislav"]
[Black "Mandic, Milenko"]
[Result "0-1"]
[WhiteElo "2180"]
[BlackElo "1894"]
[PlyCount "96"]
[EventDate "2016.11.15"]

1. Nf3 Nf6 2. b3 g6 3. Bb2 Bg7 4. d4 d5 5. Nbd2 O-O 6. h3 Bf5 7. Ne5 Nc6 8. e3
Nb4 9. Nd3 Nxd3+ 10. cxd3 c6 11. Qc2 Qb6 12. Be2 Rfe8 13. O-O Rac8 14. Rac1 Nd7
15. Bf3 e5 16. dxe5 Nxe5 17. Be2 Nxd3 18. Bxd3 Bxd3 19. Qxd3 Bxb2 20. Rc2 Bg7
21. Nf3 h6 22. Rd1 Re7 23. h4 Rce8 24. h5 Rxe3 25. Qf1 Rxf3 26. gxf3 Re5 27. f4
Rxh5 28. Rd3 Qb4 29. Rf3 Qe4 30. Qe2 Qd4 31. Rd2 Qf6 32. Rdd3 Qf5 33. Qd2 Rh4
34. Rde3 Qg4+ 35. Kf1 d4 36. Re8+ Kh7 37. Rg3 Qf5 38. Re7 Rxf4 39. Rxb7 h5 40.
Rxa7 h4 41. Rg2 Bh6 42. Rh2 h3 43. b4 Qb5+ 44. Qe2 d3 45. Qd1 d2+ 46. Kg1 Qd3
47. Re7 Rxb4 48. Rxh3 Qxh3 0-1